UITU Library & LRC     

Exam Cram 2 PMP practice Questions with CD rom (Record no. 9260)

MARC details
000 -LEADER
fixed length control field 00462nam a2200181Ia 4500
008 - FIXED-LENGTH DATA ELEMENTS--GENERAL INFORMATION
fixed length control field 240925s9999 xx 000 0 und d
020 ## - INTERNATIONAL STANDARD BOOK NUMBER
International Standard Book Number 8176357561
082 ## - DEWEY DECIMAL CLASSIFICATION NUMBER
Classification number 658.404 FRA
100 ## - MAIN ENTRY--PERSONAL NAME
Personal name David , Francis
245 #0 - TITLE STATEMENT
Title Exam Cram 2 PMP practice Questions with CD rom
250 ## - EDITION STATEMENT
Edition statement NA
260 ## - PUBLICATION, DISTRIBUTION, ETC.
Place of publication, distribution, etc. New Delhi:
Name of publisher, distributor, etc. Techmedia
Date of publication, distribution, etc. ,2005.
300 ## - PHYSICAL DESCRIPTION
Extent 460p.
Other physical details NA
Type of unit Original
500 ## - GENERAL NOTE
General note Includes Index
600 ## - SUBJECT ADDED ENTRY--PERSONAL NAME
Personal name Management
650 ## - SUBJECT ADDED ENTRY--TOPICAL TERM
Topical term or geographic name entry element Management
942 ## - ADDED ENTRY ELEMENTS (KOHA)
Koha item type Books
Holdings
Withdrawn status Lost status Damaged status Not for loan Collection Home library Current library Date acquired Source of acquisition Cost, normal purchase price Total checkouts Full call number Barcode Date last seen Price effective from Koha item type
        Managament Sciences UITU Library UITU Library 10/12/2006 Vanguard Books 241.50   658.404 FRA Q6761 09/25/2024 09/25/2024 Books

Powered by Koha